| 000 | 00704nam a22001697a 4500 | ||
|---|---|---|---|
| 999 |
_c63469 _d63469 |
||
| 003 | Ge_BSU | ||
| 005 | 20251015191447.0 | ||
| 008 | 251015s1974 ge ||||| |||| 00| 0 geo d | ||
| 041 | _ageo | ||
| 080 | _a331.105.22 : 005.742 ზ-95 | ||
| 100 |
_aზუკაკიშვილი, თ. _926032 |
||
| 245 |
_aხელმძღვანელი-მართვის ორგანიზატორი / _cთ. ზუკაკიშვილი. |
||
| 264 |
_aთბ. : _bსაბჭ. საქართველო, _c1974. |
||
| 300 |
_a107 გვ. : _b1 ფ. სქემ. ; _c22 სმ. |
||
| 653 | _aხელმძღვანელი მუშაკები. | ||
| 942 |
_2udc _cᲬᲘᲒᲜᲘ |
||